000 00512nam a2200169Ia 4500
999 _c20904
_d20904
003 OSt
005 20200615114459.0
008 190216s9999||||xx |||||||||||||| ||und||
020 _a9780195631265
040 _coclc
082 _a322.109542
_bROB/S
100 _aRobinson, Francis
_92733
245 0 _aSeparatism Among Indian Muslims /
_cFrancis Robinson
260 _bOxford University Press,
_c1997.
_aDelhi:
300 _a468p
942 _cBK
_2ddc
_h322.109542
_iROB/S
_k322.109542
_mROB/S